| 000 | 01060cam a2200325 4500 | ||
|---|---|---|---|
| 001 | ABS64775 | ||
| 008 | 011126n2001 000 0 eng u | ||
| 035 | _a(Sirsi) u115737 | ||
| 245 | _aGermany: Expo real | ||
| 260 | _c2001 | ||
| 490 |
_aProperty Week _v66(43) 26 October 2001, 41-59(9) |
||
| 520 | _aA series of articles which gauge the mood of the German commercial property market as senior players in European property are due to gather at the Expo Real in Munich. | ||
| 590 | _aABS | ||
| 650 | _aGERMANY | ||
| 650 | _aEUROPE | ||
| 650 | _aMUNICH | ||
| 650 | _aPROPERTY-COMMERCIAL PROPERTY-OFFICE PROPERTY-OFFICE PROPERTY MARKET | ||
| 650 | _aRENTAL LEVELS | ||
| 650 | _aINVESTMENT MARKET | ||
| 650 | _aPROPERTY-COMMERCIAL PROPERTY-RETAIL PROPERTY-RETAIL PROPERTY MARKET | ||
| 650 | _aINDUSTRIAL MARKET | ||
| 650 | _aYIELDS | ||
| 650 | _aHAMBURG | ||
| 650 | _aDUSSELDORF | ||
| 650 | _aFRANKFURT | ||
| 650 | _aSTUTTGART | ||
| 650 | _aBERLIN | ||
| 690 | _aPROPERTY-COMMERCIAL PROPERTY-COMMERCIAL PROPERTY MARKET | ||
| 942 | _n0 | ||
| 999 |
_c68939 _d68939 |
||